| 000 | 00000nam##2200000za#4500 |
| 001 | 9.653297 |
| 003 | CaOODSP |
| 005 | 20200328061205 |
| 007 | ta |
| 008 | 150407|1992||||xxc||||| f|0| 0 eng|d |
| 020 | |a0-662-59242-5 |
| 040 | |aCaOODSP|beng |
| 041 | |aeng |
| 041 | |afre |
| 043 | |an-cn--- |
| 086 | 1 |aE94-29/9-1 |
| 110 | 1 |aCanada.|bCanadian International Development Agency. |bCommunications Branch. |
| 245 | 10|aCIDA's policy for environmental sustainability / |cPublished by the Communications Branch. |
| 260 | |aOttawa - Ontario : |bCanadian International Development Agency. |c1992. |
| 300 | |aEnglish text, 12p. : |billus. ; |c28 cm. |
| 500 | |a"The policy provides guidance to CIDA managers and staff on objectives for programming which support environmental sustainability. Secondly, the policy informs CIDA's partners in Canada and in developing countries of its objectives and encourages them to work together with CIDA in efforts to implement comprehensive and forward looking programs that promote environmental sustainability."--Page 2. |
| 520 | 3 |aThe policy provides guidance to CIDA managers and staff on objectives for programming which support environmental sustainability. Secondly, the policy informs CIDA's partners in Canada and in developing countries of its objectives and encourages them to work together with CIDA in efforts to implement comprehensive and forward looking programs that promote environmental sustainability.--Page 2 |
| 546 | |aBilingual |
| 563 | |aSoftcover |
| 590 | |a97-17|b1997-04-25 |
| 690 | 07|aEnvironmental management|2gcpds |
| 776 | 0#|tLa politique environnementale de l'ACDI en matière de développement durable |w(CaOODSP)9.641652 |
| 792 | |tLa politique environnementale de l'ACDI en matière de développement durable / |efre|w(CaOODSP)9.653298 |